LEADER 00900nam1 2200349 450 001 990000699490203316 035 $a0069949 035 $aUSA010069949 035 $a(ALEPH)000069949USA01 035 $a0069949 100 $a20011019d--------km-y0itay0103----ba 101 $aspa 102 $aES 105 $a||||||||001yy 200 1 $aHistoria de Espana$fdirigida por John Lynch 210 $aBarcelona$cCritica 215 $av.$d24 cm 410 $12001 461 1$1001-------$12001 606 0 $aSpagna$xStoria 676 $a846 702 1$aLYNCH,$bJohn 801 0$aIT$bsalbc$gISBD 912 $a990000699490203316 951 $aIIsp B 4 COLL 4$bLM$cIIsp B 959 $aBK 969 $aUMA 979 $aPATTY$b90$c20011019$lUSA01$h2208 979 $c20020403$lUSA01$h1719 979 $aPATRY$b90$c20040406$lUSA01$h1648 996 $aHISTORIA de Espana$9488803 997 $aUNISA LEADER 04152 am 2200853 n 450 001 9910137015103321 005 20160426 010 $a2-7535-4663-0 024 7 $a10.4000/books.pur.29204 035 $a(CKB)3710000000745181 035 $a(FrMaCLE)OB-pur-29204 035 $a(oapen)https://directory.doabooks.org/handle/20.500.12854/51726 035 $a(PPN)267930496 035 $a(EXLCZ)993710000000745181 100 $a20160712j|||||||| ||| 0 101 0 $afre 135 $auu||||||m|||| 181 $ctxt$2rdacontent 182 $cc$2rdamedia 183 $acr$2rdacarrier 200 10$aLignes et lignages dans la littérature arthurienne /$fChristine Ferlampin-Acher, Denis Hüe 210 $aRennes $cPresses universitaires de Rennes$d2016 215 $a1 online resource (308 p.) 311 $a2-7535-0398-2 330 $aLe lignage et les « amis charnels » qui le constituent repose au Moyen Âge sur une communauté de sang, dont le rôle est certainement antérieur à la mise en place des liens féodaux. En littérature, le lignage est un cadre essentiel : il permet aux personnages de s?intégrer et d?organiser des réseaux relationnels qui conditionnent souvent l?action. C?est aussi un moteur puissant de création littéraire, puisque les textes inventent volontiers, à partir d?un héros souche, l?histoire des pères, des fils, des neveux. C?est enfin un point névralgique, tant la paternité des grands rois fondateurs, Charlemagne, Alexandre ou Arthur, est douteuse. La matière arthurienne, centrée sur Arthur et Merlin, deux figures dont la naissance pose problème, s?épanouissant dans des reprises, des continuations et des récritures qui inventent des fils, des neveux, des ancêtres, est un champ particulièrement intéressant pour qui s?intéresse au lignage. La diversité des approches, mythologiques, folkloriques, poétiques, sémantiques, historiques, iconographiques, permet de saisir la richesse de cette problématique et d?en dégager les lignes de force. Ce volume contient les actes du troisième colloque arthurien de Rennes, « Lignes et lignages », qui eut lieu à l?université de Rennes 2 les 13 et 14 octobre 2005. 606 $aMedieval & Renaissance Studies 606 $aLiterature (General) 606 $aroman 606 $aTable ronde 606 $aparenté 606 $alittérature médiévale 606 $alittérature courtoise 610 $alittérature médiévale 610 $aroman 610 $alittérature courtoise 610 $aparenté 610 $aTable ronde 615 4$aMedieval & Renaissance Studies 615 4$aLiterature (General) 615 4$aroman 615 4$aTable ronde 615 4$aparenté 615 4$alittérature médiévale 615 4$alittérature courtoise 700 $aAlbert$b Sophie$0324054 701 $aBenoît$b Jean-Louis$01282416 701 $aBerthelot$b Anne$0162982 701 $aBoisserin$b Juliette Pourquery de$01283400 701 $aBouget$b Hélène$01280828 701 $aBuschinger$b Danielle$0324983 701 $aCastellani$b Marie-Madeleine$01283401 701 $aDaniel$b Catherine$01283402 701 $aDenoyelle$b Corinne$0783016 701 $aDouchet$b Sébastien$01240313 701 $aFerlampin-Acher$b Christine$0292478 701 $aGingras$b Francis$0176120 701 $aGoff$b Myriam White-Le$01283403 701 $aJames-Raoul$b Danièle$01283404 701 $aPastré$b Jean-Marc$0435264 701 $aPlet-Nicolas$b Florence$01281324 701 $aSaly$b Antoinette$0726406 701 $aSéguy$b Mireille$01238696 701 $aSzkilnik$b Michelle$0173116 701 $aTétrel$b Hélène$01283405 701 $aTrachsler$b Richard$0166851 701 $aUeltschi$b Karine$01283406 701 $aWahlen$b Barbara$0175523 701 $aFerlampin-Acher$b Christine$0292478 701 $aHüe$b Denis$01280830 801 0$bFR-FrMaCLE 906 $aBOOK 912 $a9910137015103321 996 $aLignes et lignages dans la littérature arthurienne$93019137 997 $aUNINA LEADER 05717nam 2200601 450 001 9910813786903321 005 20230809233516.0 010 $a1-119-02072-7 010 $a1-119-02067-0 035 $a(CKB)4330000000008044 035 $a(EBL)4678313 035 $a(MiAaPQ)EBC4678313 035 $a(DLC) 2016024993 035 $a(Au-PeEL)EBL4678313 035 $a(CaPaEBR)ebr11263166 035 $a(CaONFJC)MIL956184 035 $a(OCoLC)958560470 035 $a(EXLCZ)994330000000008044 100 $a20160527d2017 uy| 0 101 0 $aeng 135 $aur|n|---||||| 181 $2rdacontent 182 $2rdamedia 183 $2rdacarrier 200 10$aAvian evolution $ethe fossil record of birds and its paleobiological significance /$fGerald Mayr, Senckenberg Research Institute Frankfurt, Ornithological Section, Frankfurt am Main, Germany 210 1$aChichester, West Sussex :$cJohn Wiley & Sons, Incorporated,$d2017. 215 $a1 online resource (326 p.) 225 1 $aTopics in paleobiology series 300 $aDescription based upon print version of record. 311 $a1-119-02073-5 311 $a1-119-02076-X 320 $aIncludes bibliographical references and index. 327 $aCover; Title Page; Copyright; Contents; Foreword; Preface; Acknowledgments; Chapter 1 An Introduction to Birds, the Geological Settings of Their Evolution, and the Avian Skeleton; Birds Are Evolutionarily Nested within Theropod Dinosaurs; The Geological Settings of Avian Evolution in a Nutshell; Characteristics of the Avian Skeleton; Chapter 2 The Origin of Birds; Archaeopteryx: The German ""Urvogel"" and Its Bearing on Avian Evolution; The Closest Maniraptoran Relatives of Birds; Feather Evolution; The Origin of Avian Flight; Chapter 3 The Mesozoic Flight Way towards Modern Birds 327 $aJeholornithids: Early Cretaceous Long-Tailed BirdsConfuciusornis, Sapeornis, and Kin: Basal Birds with a Pygostyle; Ornithothoraces and the Origin of Sustained Flapping Flight Capabilities; The Ornithuromorpha: Refinement of Modern Characteristics; Ornithurae and the Origin of Modern Birds; Chapter 4 Mesozoic Birds: Interrelationships and Character Evolution; The Interrelationships of Mesozoic Birds: Controversial Phylogenetic Placements and Well-Supported Clades; Character Evolution in Mesozoic Birds; Ontogenetic Development of Mesozoic Birds 327 $aChapter 5 The Interrelationships and Origin of Crown Group Birds (Neornithes)Phylogenetic Interrelationships of Neornithine Birds; The Mesozoic Fossil Record of Neornithine-Like and Neornithine Birds; Chapter 6 Palaeognathous Birds (Ostriches, Tinamous, and Allies); The Interrelationships of Extant Palaeognathae; Early Cenozoic Palaeognathous Birds of the Northern Hemisphere; Long-Winged Ostriches, Rheas, and Tinamous; Short-Winged Palaeognathous Birds; Biogeography: A Textbook Example of Gondwanan Vicariance Has Been Dismantled; Chapter 7 Galloanseres: ""Fowl"" and Kin 327 $aGalliformes: From Herbivorous Forest Dwellers to Seed Eaters of Open LandscapesThe Waterfowl; Gastornithids: Giant Herbivorous Birds in the Early Paleogene of the Northern Hemisphere; Dromornithids (Mihirungs or Thunderbirds): Gastornis-Like Birds from Australia; Pelagornithids: Bony-Toothed Birds; Chapter 8 The ""Difficult-to-Place Groups"": Biogeographic Surprises and Aerial Specialists; The Columbiform Birds: Doves, Sandgrouse, ... and Mesites?; The Hoatzin: A South American Relict Species; Turacos and Cuckoos; Bustards 327 $aThe ""Wonderful"" Mirandornithes, or How Different Can Sister Taxa Be?Strisores: The Early Diversification of Nocturnal Avian Insectivores; Chapter 9 Shorebirds, Cranes, and Relatives; Charadriiformes: One of the Most Diverse Groups of Extant Birds; From Rail to Crane; Chapter 10 Aequornithes: Aquatic and Semi-Aquatic Carnivores; Loons: Foot-Propelled Divers of the Northern Hemisphere; Pelagic Tubenoses and Albatrosses; Penguins: More Than 60 Million Years of Flightlessness; The Polyphyletic ""Pelecaniformes"" and ""Ciconiiformes""; Late Cenozoic Turnovers in Marine Avifaunas 327 $aChapter 11 Cariamiforms and Diurnal Birds of Prey 330 $a"Knowledge of the evolutionary history of birds has much improved in recent decades. Fossils from critical time periods are being described at unprecedented rates and modern phylogenetic analyses have provided a framework for the interrelationships of the extant groups. This book gives an overview of the avian fossil record and its paleobiological significance, and it is the only up-to-date textbook that covers both Mesozoic and more modern-type Cenozoic birds in some detail. The reader is introduced to key features of basal avians and the morphological transformations that have occurred in the evolution towards modern birds. An account of the Cenozoic fossil record sheds light on the biogeographic history of the extant avian groups and discusses fossils in the context of current phylogenetic hypotheses. This review of the evolutionary history of birds not only addresses students and established researchers, but it may also be a useful source of information for anyone else with an interest in the evolution of birds and a moderate background in biology and geology" --$cFrom the publisher. 410 0$aTopics in paleobiology series. 606 $aBirds, Fossil 606 $aPaleobiology 615 0$aBirds, Fossil. 615 0$aPaleobiology. 676 $a568 700 $aMayr$b Gerald$0996071 801 0$bMiAaPQ 801 1$bMiAaPQ 801 2$bMiAaPQ 906 $aBOOK 912 $a9910813786903321 996 $aAvian evolution$94102899 997 $aUNINA